000 00609nam a2200229Ia 4500
003 OSt
005 20221007080103.0
006 a|||||r|||| 00| 0
007 ta
008 221006b |||||||| |||| 00| 0 eng d
024 _a30,021
037 _cTextual
040 _aFLL
_cFLL
_beng
041 _2eng
_aeng
082 _aXM55:8:Z2, L8
100 _aTuteja S.K.
245 0 _aCompany administration and meetings
260 _aNew Delhi
_bSultan Chand & Sons India
_c1978
300 _axxiii,332p
_ccm.
942 _hXM55:8:Z2, L8
_cTEXL
_2CC
999 _c1158325
_d1158325